Listed buildings: the need for a new approach (Record no. 65435)

MARC details
000 -LEADER
fixed length control field 01653cam a2200277 4500
001 - CONTROL NUMBER
control field ABS63128
008 - FIXED-LENGTH DATA ELEMENTS--GENERAL INFORMATION
fixed length control field 000000n2000 000 0 eng u
035 ## - SYSTEM CONTROL NUMBER
System control number (Sirsi) u109613
100 ## - MAIN ENTRY--PERSONAL NAME
Personal name Sharland, J
245 ## - TITLE STATEMENT
Title Listed buildings: the need for a new approach
260 ## - PUBLICATION, DISTRIBUTION, ETC.
Date of publication, distribution, etc. 2000
490 ## - SERIES STATEMENT
Series statement Journal of Planning and Environment Law
Volume/sequential designation November 2000, 1093-1101(9)
520 ## - SUMMARY, ETC.
Summary, etc. Discusses the need to adopt a new approach to the preservation of listed buildings. Suggests that the existing regime has no effective way of maintaining the condition of listed buildings, and fails to satisfy both owners and local planning authorities. Government has acknowledged these deficiencies and is conducting a review, although this will not extend to a revision of PPG15. Article argues four key features are needed for a successful approach to listed buildings: giving owners a right of appeal against listing; revising PPG15 to incorporate a merit-based assessment, and linking the decision to list with the impact on the buildings preservation; giving owners responsibility to keep listed buildings in good repair; enhancing the role of local planning authorities to protect listed buildings in their area.
590 ## - LOCAL NOTE (RLIN)
Local note ABS
650 ## - SUBJECT ADDED ENTRY--TOPICAL TERM
Topical term or geographic name entry element PPG15
650 ## - SUBJECT ADDED ENTRY--TOPICAL TERM
Topical term or geographic name entry element ENGLISH HERITAGE
650 ## - SUBJECT ADDED ENTRY--TOPICAL TERM
Topical term or geographic name entry element PLANNING (LISTED BUILDINGS AND CONSERVATION AREAS) ACT 1990
650 ## - SUBJECT ADDED ENTRY--TOPICAL TERM
Topical term or geographic name entry element LOCAL AUTHORITIES
650 ## - SUBJECT ADDED ENTRY--TOPICAL TERM
Topical term or geographic name entry element RIGHTS OF APPEAL
650 ## - SUBJECT ADDED ENTRY--TOPICAL TERM
Topical term or geographic name entry element DISREPAIR
650 ## - SUBJECT ADDED ENTRY--TOPICAL TERM
Topical term or geographic name entry element PRESERVATION
650 ## - SUBJECT ADDED ENTRY--TOPICAL TERM
Topical term or geographic name entry element HISTORIC BUILDINGS
650 ## - SUBJECT ADDED ENTRY--TOPICAL TERM
Topical term or geographic name entry element LISTED BUILDINGS
690 ## - LOCAL SUBJECT ADDED ENTRY--TOPICAL TERM (OCLC, RLIN)
Topical term or geographic name as entry element BUILT ENVIRONMENT-BUILDING MAINTENANCE AND REFURBISHMENT-BUILDING CONSERVATION
942 ## - ADDED ENTRY ELEMENTS (KOHA)
Suppress in OPAC 0
Holdings
Withdrawn status Lost status Source of classification or shelving scheme Damaged status Not for loan Home library Current library Shelving location Date acquired Total Checkouts Full call number Barcode Date last seen Copy number Price effective from Koha item type
    Dewey Decimal Classification     London London Journal article 30/11/2000   ABS63128 109613-1001 06/08/2019 1 06/08/2019 Journal article